Góc nhìn cấu trúc về ca dao và truyện ngụ ngôn
Nội dung sách giới thiệu: Phần một: Tiếp cận ca dao người Việt bằng phương thức xâu chuỗi theo mô hình cấu trúc; Phần hai: Góc nhìn cấu trúc về truyện ngụ ngôn dân gian Việt Nam.
Đã lưu trong:
| 主要作者: | |
|---|---|
| 格式: | 图书 |
| 语言: | Undetermined |
| 出版: |
Hà Nội
Khoa học - Xã hội
2010
|
| 主题: | |
| 标签: |
添加标签
没有标签, 成为第一个标记此记录!
|
| Thư viện lưu trữ: | Trung tâm Học liệu Trường Đại học Cần Thơ |
|---|
| LEADER | 00936nam a2200193Ia 4500 | ||
|---|---|---|---|
| 001 | CTU_164048 | ||
| 008 | 210402s9999 xx 000 0 und d | ||
| 082 | |a 398.8597 | ||
| 082 | |b Tr309 | ||
| 100 | |a Triều Nguyên | ||
| 245 | 0 | |a Góc nhìn cấu trúc về ca dao và truyện ngụ ngôn | |
| 245 | 0 | |c Triều Nguyên | |
| 260 | |a Hà Nội | ||
| 260 | |b Khoa học - Xã hội | ||
| 260 | |c 2010 | ||
| 520 | |a Nội dung sách giới thiệu: Phần một: Tiếp cận ca dao người Việt bằng phương thức xâu chuỗi theo mô hình cấu trúc; Phần hai: Góc nhìn cấu trúc về truyện ngụ ngôn dân gian Việt Nam. | ||
| 650 | |a Folk-song, Vietnamese,Folk literature, vietnamese,Ca dao, dân ca Việt Nam,Truyện dân gian, Việt Nam | ||
| 904 | |i HPTVi,Qhieu | ||
| 980 | |a Trung tâm Học liệu Trường Đại học Cần Thơ | ||